Loading...
أثر الضبط في تغير المعني في اللغة العربية
| Format: | Printed Book |
|---|---|
| Language: | English |
| Published: |
الإسكندري
مؤسسة حورس الدولية
2011
|
| LEADER | 00575nam a22001337a 4500 | ||
|---|---|---|---|
| 008 | 201111b ||||| |||| 00| 0 eng d | ||
| 020 | |a 9789773683872 | ||
| 082 | |a 410 NZ | ||
| 245 | |a أثر الضبط في تغير المعني في اللغة العربية | ||
| 260 | |a الإسكندري |b مؤسسة حورس الدولية |c 2011 | ||
| 650 | |2 Arabic language -- Semantics | Arabic language -- Rhetoric | ||
| 942 | |c BK | ||
| 999 | |c 353684 |d 353684 | ||
| 952 | |0 0 |1 0 |2 ddc |4 0 |6 410_000000000000000_NZ |7 0 |9 409326 |a ARA |b ARA |c ST1 |d 2020-11-11 |i 12364 |l 0 |o 410 NZ |p ARA12364 |r 2020-11-11 |w 2020-11-11 |y BK | ||